Začínáme na burze jak uspět při obchodování na finančních trzích

Saved in:
Bibliographic Details
Main Author: Hartman, Ondřej
Format: Book
Language:Czech
Published: Brno BizBooks 2023
Edition:3. přepracované a rozšířené vydání
Subjects:
Tags: Add Tag
No Tags, Be the first to tag this record!

MARC

LEADER 00000nam a2200000 4500
001 0292807
005 20240416114208.6
020 |a 978-80-265-1135-9 
041 0 |a cze 
044 |a CZ 
245 1 0 |a Začínáme na burze  |b jak uspět při obchodování na finančních trzích  |c Ondřej Hartman a tým FXstreet.cz 
250 |a 3. přepracované a rozšířené vydání 
264 1 |a Brno  |b BizBooks  |c 2023 
300 |a 285 s. 
610 2 0 |a trh finančný 
610 2 0 |a burzy 
610 2 0 |a makléri 
610 2 0 |a trh akciový 
610 2 0 |a trh komoditný 
610 2 0 |a indexy akciové 
610 2 0 |a mena virtuálna 
610 2 0 |a fondy finančné 
610 2 0 |a analýza trhu 
610 2 0 |a riadenie finančné 
610 2 0 |a investovanie 
100 1 |a Hartman, Ondřej